| 000 | 00488nam a22001937a 4500 | ||
|---|---|---|---|
| 003 | OSt | ||
| 005 | 20140310182831.0 | ||
| 008 | 130603t xxu||||| |||| 00| 0 eng d | ||
| 050 |
_aBS 1198 _b.K96 1997 |
||
| 082 |
_aM 220.15 _bK96 1997 |
||
| 245 |
_aBible prophecies _cKuncl, Tom |
||
| 260 |
_aLantana, FL : _bMicroMags, _cc1997. |
||
| 300 |
_a96 p. _bill. ; _c15 cm. |
||
| 521 | _aCollege Students | ||
| 526 | _c1210L-1700L | ||
| 541 | _j1 | ||
| 562 | _e1 | ||
| 942 |
_2lcc _cBK _kM |
||
| 999 |
_c16641 _d16641 |
||